Beyond hunger in Africa (Record no. 84620)

MARC details
000 -LEADER
fixed length control field 00764nam a2200181 a 4500
008 - FIXED-LENGTH DATA ELEMENTS--GENERAL INFORMATION
fixed length control field 120416s1990 ||||||||||||||||| || u
050 ## - LIBRARY OF CONGRESS CALL NUMBER
Classification number HC 800 Bey
100 ## - MAIN ENTRY--PERSONAL NAME
Personal name Achebe, Chinua
245 10 - TITLE STATEMENT
Title Beyond hunger in Africa
246 ## -
-- conventional wisdom and vision of Africa in 2057
260 ## - PUBLICATION, DISTRIBUTION, ETC.
Place of publication, distribution, etc. Nairobi
Name of publisher, distributor, etc. Heinemann
Date of publication, distribution, etc. 1990
300 ## - PHYSICAL DESCRIPTION
Extent xii, 148p. : ill.
350 ## -
-- 0.00
650 #0 - SUBJECT ADDED ENTRY--TOPICAL TERM
Topical term or geographic name entry element ECONOMICS
650 ## - SUBJECT ADDED ENTRY--TOPICAL TERM
Topical term or geographic name entry element ECONOMIC DEVELOPMENT--AFRICA--2057
995 ## -
-- ANNEX COLLECTION (Main Library)
-- 0.00
-- 723498
-- CBU-MAIN LIBRARY (Kitwe)
-- 1
-- 6.95
-- HC 800 Bey
-- 1
-- AVAILABLE
-- 003268
-- Annex Low-Usage Collection
995 ## -
-- ANNEX COLLECTION (Main Library)
-- 0.00
-- 723499
-- CBU-MAIN LIBRARY (Kitwe)
-- 2
-- 6.95
-- HC 800 Bey
-- 2
-- AVAILABLE
-- 003267
-- Annex Low-Usage Collection
999 ## -
-- 84620
-- 84620

No items available.